000 00428nam a2200157 i 4500
001 22691
003 ES-MaACL
005 20230906152736.0
007 t|
008 021204s1933 sp ||||1| spa d
100 1 _aAlmela i Vives, Francesc.
_920131
245 1 0 _aJoujou /
_cFrancisco Almela y Vives.
260 _aValencia :
_b[s.n.,
_c1933] (
_fLa Semana Gráfica)
300 _a20 p. ;
_c17 cm.
852 _aES-MaACL
_j1787-F-5
999 _c22691
_d22691